[Event "FIDE World Rapid Team"]
[Site "London ENG"]
[Date "2025.06.12"]
[Round "5.1"]
[White "Firouzja, Alireza"]
[Black "Maroroa Jones, Gawain C B"]
[Result "1-0"]
[WhiteTitle "GM"]
[BlackTitle "GM"]
[WhiteElo "2766"]
[BlackElo "2653"]
[WhiteTeam "WR Chess Team"]
[BlackTeam "Malcolm's Mates"]
[WhiteFideId "12573981"]
[BlackFideId "409561"]
[EventDate "2025.06.11"]
[EventType "team"]

1. e4 e5 2. Nf3 Nc6 3. Bb5 a6 4. Ba4 Nf6 5. O-O d6 6. c3 Bd7 7. d4 g6 8. h3 Bg7
9. Bc2 O-O 10. Be3 Kh8 11. Nbd2 Qe8 12. Re1 Nh5 13. a4 a5 14. Bb3 Rd8 15. Bd5
exd4 16. cxd4 Nb4 17. Bc4 c6 18. Bg5 f6 19. Be3 g5 20. Be2 Nf4 21. Bxf4 gxf4 22.
Bf1 f5 23. e5 dxe5 24. Nxe5 Be6 25. Ndf3 Bd5 26. Bc4 Be4 27. Qb3 Nc2 28. Qxb7
Rb8 29. Qc7 Rc8 30. Qa7 Ra8 31. Qc7 Rc8 32. Qxa5 Nxa1 33. Rxa1 c5 34. Qa7 cxd4
35. Nf7+ Rxf7 36. Bxf7 Qd8 37. Bb3 d3 38. Rd1 Rc7 39. Qa5 Rd7 40. Qb5 Bxb2 41.
Ne5 Bxe5 42. Qxe5+ Rg7 43. Kh2 h6 44. Rg1 Qg5 45. Bd1 Kh7 46. f3 Bb7 47. Qd6 Be4
48. Qd4 Qe7 49. fxe4 Qxe4 50. Qf2 Re7 51. Rf1 Rg7 52. a5 Qc6 53. Bf3 Qa4 54. Qc5
Rg5 55. Qc3 Rg7 56. Ra1 Qb5 57. a6 Ra7 58. Ra5 Qd7 59. Rd5 Qe6 60. Qxd3 Qxa6 61.
Rd7+ 1-0

[Event "FIDE World Rapid Team"]
[Site "London ENG"]
[Date "2025.06.12"]
[Round "5.2"]
[White "Vitiugov, Nikita"]
[Black "Vachier-Lagrave, Maxime"]
[Result "1/2-1/2"]
[WhiteTitle "GM"]
[BlackTitle "GM"]
[WhiteElo "2671"]
[BlackElo "2736"]
[WhiteTeam "Malcolm's Mates"]
[BlackTeam "WR Chess Team"]
[WhiteFideId "4152956"]
[BlackFideId "623539"]
[EventDate "2025.06.11"]
[EventType "team"]

1. d4 Nf6 2. c4 g6 3. Nc3 d5 4. cxd5 Nxd5 5. Bd2 c5 6. e4 Nxc3 7. Bxc3 cxd4 8.
Bxd4 e5 9. Bxe5 Bb4+ 10. Bc3 Bxc3+ 11. bxc3 Qa5 12. Qd2 O-O 13. Nf3 Rd8 14. Qe3
Bg4 15. Bc4 Nd7 16. O-O Bxf3 17. Qxf3 Ne5 18. Qe2 Nxc4 19. Qxc4 Rac8 20. Qb3 Rc7
21. Rfd1 Rxd1+ 22. Rxd1 Qxc3 23. Qd5 Kg7 24. g3 b6 1/2-1/2

[Event "FIDE World Rapid Team"]
[Site "London ENG"]
[Date "2025.06.12"]
[Round "5.4"]
[White "Saric, Ivan"]
[Black "So, Wesley"]
[Result "1/2-1/2"]
[WhiteTitle "GM"]
[BlackTitle "GM"]
[WhiteElo "2661"]
[BlackElo "2745"]
[WhiteTeam "Malcolm's Mates"]
[BlackTeam "WR Chess Team"]
[WhiteFideId "14508150"]
[BlackFideId "5202213"]
[EventDate "2025.06.11"]
[EventType "team"]

1. e4 e5 2. Nf3 Nc6 3. Bb5 Nf6 4. O-O Nxe4 5. Re1 Nd6 6. Nxe5 Be7 7. Bf1 Nf5 8.
Nf3 d5 9. d4 O-O 10. c3 Re8 11. Bd3 Bd6 12. Rxe8+ Qxe8 13. Nbd2 Nce7 14. Qc2 g6
15. Nf1 f6 16. Bd2 c6 17. Re1 Qf7 18. a4 Be6 19. Ng3 Re8 20. Qc1 Nxg3 21. hxg3
Bf5 22. Bxf5 Nxf5 23. Rxe8+ Qxe8 24. g4 Ng7 25. Bf4 Bf8 26. g5 fxg5 27. Nxg5 Nf5
28. Qd2 h6 29. Nf3 Qe4 30. Be5 g5 31. Qd1 Ne7 32. Nh2 Ng6 33. Ng4 Bg7 34. f3 Qf5
35. Qe1 Nxe5 36. Nxe5 Bxe5 37. dxe5 Kf7 38. Qe3 b6 39. a5 c5 40. axb6 axb6 41.
b4 Qf4 42. Qd3 Qxe5 43. Qh7+ Ke8 44. Qg6+ Kd7 45. Qxb6 cxb4 46. Qxb4 Qe1+ 47.
Kh2 Qe5+ 48. Kh3 h5 49. Qb7+ Ke6 50. Qc8+ Ke7 51. Qb7+ 1/2-1/2

[Event "FIDE World Rapid Team"]
[Site "London ENG"]
[Date "2025.06.12"]
[Round "5.5"]
[White "Hou, Yifan"]
[Black "Bulmaga, Irina"]
[Result "1/2-1/2"]
[WhiteTitle "GM"]
[BlackTitle "IM"]
[WhiteElo "2633"]
[BlackElo "2393"]
[WhiteTeam "WR Chess Team"]
[BlackTeam "Malcolm's Mates"]
[WhiteFideId "8602980"]
[BlackFideId "13903063"]
[EventDate "2025.06.11"]
[EventType "team"]

1. e4 e5 2. Nf3 Nc6 3. g3 d5 4. exd5 Qxd5 5. Nc3 Qd6 6. Bg2 Bg4 7. h3 Bh5 8. d3
O-O-O 9. g4 Bg6 10. Nh4 Nd4 11. O-O Be7 12. Nxg6 hxg6 13. Ne4 Qd7 14. c3 Nc6 15.
Be3 f5 16. Nc5 Bxc5 17. Bxc5 Nf6 18. Qa4 Nd5 19. Be3 Nxe3 20. fxe3 Qxd3 21. Rae1
Rd6 22. Kh2 a6 23. gxf5 gxf5 24. Rd1 Qxe3 25. Rxd6 cxd6 26. Rxf5 Qd3 27. Rf7 Qe2
28. Rxb7 Rxh3+ 29. Kxh3 Qh5+ 30. Kg3 Qg5+ 31. Kf2 Qd2+ 32. Kf1 Qd3+ 33. Kg1 Qe3+
34. Kh2 Qh6+ 35. Kg3 Qg5+ 36. Kf2 Qd2+ 37. Kf1 Qd3+ 38. Ke1 Qe3+ 39. Kf1 Qd3+
40. Kg1 Qe3+ 41. Kh2 Qh6+ 42. Kg3 1/2-1/2

[Event "FIDE World Rapid Team"]
[Site "London ENG"]
[Date "2025.06.12"]
[Round "5.1"]
[White "Gelfand, Boris"]
[Black "Rapport, Richard"]
[Result "1-0"]
[WhiteTitle "GM"]
[BlackTitle "GM"]
[WhiteElo "2652"]
[BlackElo "2714"]
[WhiteTeam "Rishon LeZion Chess Club"]
[BlackTeam "KazChess"]
[WhiteFideId "2805677"]
[BlackFideId "738590"]
[EventDate "2025.06.11"]
[EventType "team"]

1. d4 d6 2. Nf3 g6 3. c4 f5 4. g3 Bg7 5. Bg2 Nf6 6. O-O O-O 7. Nc3 c6 8. b3 Qc7
9. Ba3 Ne4 10. Rc1 Nd7 11. Bb2 Nxc3 12. Bxc3 e5 13. d5 Nc5 14. Ne1 a5 15. Nd3
Ne4 16. Ba1 cxd5 17. cxd5 Qb6 18. Nb2 Bd7 19. Nc4 Qa6 20. f3 Qa7+ 21. Kh1 Nf2+
22. Rxf2 Qxf2 23. e3 Qxa2 24. Nb6 Rad8 25. Bf1 f4 26. exf4 Bf5 27. g4 Qf2 28.
Nc4 Bc8 29. Rc2 Qh4 30. fxe5 dxe5 31. Nxe5 Qg5 32. d6 Be6 33. Rc5 Qe3 34. Rb5
Bxe5 35. Rxe5 Qxf3+ 36. Qxf3 Rxf3 37. Kg2 Rdf8 38. Be2 Rf2+ 39. Kg3 Bxb3 40. Bd4
R2f7 41. Rxa5 Rd8 42. Be5 g5 43. Rc5 h6 44. h4 Be6 45. hxg5 hxg5 46. Bd3 Ra8 47.
Bb2 Rd7 48. Rxg5+ Kf8 49. Rh5 Rxd6 50. Rh8+ Bg8 51. Bh7 Kf7 52. Bxg8+ Rxg8 53.
Rh7+ Ke6 54. Rxb7 Rd3+ 55. Kf4 Rd2 56. Rb6+ Kd5 57. g5 Rf2+ 58. Kg3 Rc2 59. Bf6
Rc4 60. Rb5+ Ke6 61. Re5+ Kf7 62. Rf5 Kg6 63. Rf4 Rc1 64. Kg2 Ra8 65. Rf3 Ra4
66. Kg3 Rd1 67. Kg2 Rc4 68. Kh2 Rg4 69. Rg3 Rd2+ 70. Kh3 Re4 71. Rg4 Re3+ 72.
Rg3 Ree2 73. Rf3 Rg2 74. Rg3 Rgf2 75. Kg4 Rde2 76. Rf3 Re4+ 77. Kg3 Ra2 78. Rf4
Re3+ 79. Rf3 Ree2 80. Rf4 Rec2 81. Rf3 Kh5 82. Re3 Rc4 83. Rf3 Rg4+ 84. Kh3 Rh4+
85. Kg3 Rah2 86. Be7 Rh1 87. Kg2 Kg4 88. Rg3+ Kf5 89. g6 Ke4 90. Bxh4 1-0

[Event "FIDE World Rapid Team"]
[Site "London ENG"]
[Date "2025.06.12"]
[Round "5.2"]
[White "Grischuk, Alexander"]
[Black "Rodshtein, Maxim"]
[Result "1-0"]
[WhiteTitle "GM"]
[BlackTitle "GM"]
[WhiteElo "2667"]
[BlackElo "2645"]
[WhiteTeam "KazChess"]
[BlackTeam "Rishon LeZion Chess Club"]
[WhiteFideId "4126025"]
[BlackFideId "2806851"]
[EventDate "2025.06.11"]
[EventType "team"]

1. e4 c5 2. Nf3 d6 3. d4 cxd4 4. Nxd4 Nf6 5. Nc3 a6 6. Bg5 e6 7. f4 Qb6 8. Nb3
Be7 9. Bxf6 Bxf6 10. Qd2 Be7 11. O-O-O Nc6 12. h4 h5 13. Kb1 Bd7 14. Rh3 Qc7 15.
a3 O-O-O 16. Qf2 Kb8 17. Na4 d5 18. Nbc5 Na5 19. Nxd7+ Qxd7 20. Nb6 Qc7 21. Rc3
dxe4 22. Rxd8+ Qxd8 23. Rc8+ Qxc8 24. Nxc8 Rxc8 25. f5 e5 26. Qe1 Nc4 27. Bxc4
Rxc4 28. c3 b5 29. g3 Bd6 30. Kc2 a5 31. b3 Rc7 32. Kb2 a4 33. Qxe4 axb3 34. Qd5
Bc5 35. Qxe5 f6 36. Qe8+ Ka7 37. Qxb5 Bf2 38. Qa4+ Kb8 39. Qf4 Bb6 40. Kxb3 Ka7
41. Qa4+ Kb7 42. Qe4+ Ka7 43. Qf3 1-0

[Event "FIDE World Rapid Team"]
[Site "London ENG"]
[Date "2025.06.12"]
[Round "5.3"]
[White "Steinberg, Nitzan"]
[Black "Esipenko, Andrey"]
[Result "1/2-1/2"]
[WhiteTitle "GM"]
[BlackTitle "GM"]
[WhiteElo "2554"]
[BlackElo "2689"]
[WhiteTeam "Rishon LeZion Chess Club"]
[BlackTeam "KazChess"]
[WhiteFideId "2801795"]
[BlackFideId "24175439"]
[EventDate "2025.06.11"]
[EventType "team"]

1. e4 e5 2. Nf3 Nf6 3. d4 Nxe4 4. Bd3 d5 5. Nxe5 Nd7 6. O-O Nxe5 7. dxe5 Nc5 8.
Be3 c6 9. f4 Nxd3 10. Qxd3 g6 11. Nd2 Bf5 12. Qb3 Qd7 13. Nf3 Be7 14. Rad1 O-O
15. Bf2 Be4 16. Nd2 Bf5 17. Nf3 Be4 18. Nd2 Bf5 19. Nf3 Be4 1/2-1/2

[Event "FIDE World Rapid Team"]
[Site "London ENG"]
[Date "2025.06.12"]
[Round "5.4"]
[White "Ansat, Aldiyar"]
[Black "Sokolovsky, Yahli"]
[Result "0-1"]
[WhiteTitle "IM"]
[BlackTitle "GM"]
[WhiteElo "2489"]
[BlackElo "2542"]
[WhiteTeam "KazChess"]
[BlackTeam "Rishon LeZion Chess Club"]
[WhiteFideId "13715658"]
[BlackFideId "2820242"]
[EventDate "2025.06.11"]
[EventType "team"]

1. e4 e5 2. Nf3 Nc6 3. Bb5 a6 4. Ba4 Nf6 5. Nc3 Be7 6. d3 b5 7. Bb3 d6 8. a4 b4
9. Nd5 Na5 10. Nxf6+ Bxf6 11. Ba2 Rb8 12. Bd2 O-O 13. h3 Re8 14. O-O Be6 15.
Bxe6 Rxe6 16. Be3 d5 17. Qe2 Qd7 18. b3 dxe4 19. dxe4 Qc6 20. Bc1 Qc3 21. Ra2
Rd6 22. Bb2 Qc5 23. Raa1 Rbd8 24. Rfd1 Nc6 25. Rxd6 Rxd6 26. Rd1 a5 27. g3 h6
28. Kg2 Kf8 29. Rd3 Be7 30. Bc1 Nd4 31. Nxd4 exd4 32. Bb2 Qb6 33. Qg4 c5 34. e5
Qc6+ 35. Qf3 Rd5 36. Qe4 Kg8 37. Bc1 Qe6 38. Bf4 Bd6 39. Rd2 Bxe5 40. Bxe5 Qxe5
41. Qf3 Qf5 42. Qxf5 Rxf5 43. f4 Rf6 44. Re2 Re6 45. Kf3 Kf8 46. Rxe6 fxe6 47.
Ke4 Ke7 48. Ke5 h5 49. g4 h4 50. f5 exf5 51. gxf5 Kf7 52. Kd5 Kf6 53. Ke4 Kg5
54. Ke5 c4 55. Kxd4 cxb3 56. cxb3 Kxf5 57. Kc5 g5 58. Kb5 g4 59. hxg4+ Kxg4 60.
Kxa5 h3 0-1

[Event "FIDE World Rapid Team"]
[Site "London ENG"]
[Date "2025.06.12"]
[Round "5.5"]
[White "Efroimski, Marsel"]
[Black "Kaliakhmet, Elnaz"]
[Result "0-1"]
[WhiteTitle "IM"]
[BlackTitle "WFM"]
[WhiteElo "2372"]
[BlackElo "2218"]
[WhiteTeam "Rishon LeZion Chess Club"]
[BlackTeam "KazChess"]
[WhiteFideId "2810964"]
[BlackFideId "13730169"]
[EventDate "2025.06.11"]
[EventType "team"]

1. e4 e5 2. Nf3 Nc6 3. Nc3 Nf6 4. Bb5 Bd6 5. d3 a6 6. Ba4 O-O 7. a3 b5 8. Bb3
Be7 9. h3 d6 10. Nd5 Na5 11. Ba2 c5 12. b4 Nc6 13. Nxf6+ Bxf6 14. Bd5 Bb7 15.
bxc5 dxc5 16. O-O Qc7 17. Bb2 Nd4 18. Bxb7 Qxb7 19. Nh2 Bg5 20. Ng4 Qc7 21. Ne3
Bxe3 22. fxe3 Nc6 23. Qg4 f6 24. Rad1 Rad8 25. c3 Kh8 26. Kh1 Qe7 27. d4 Na5 28.
d5 Nc4 29. Bc1 Nd6 30. Rf3 Qd7 31. Qh4 Kg8 32. Rdf1 Rf7 33. Rg3 Kh8 34. Rg4 Rdf8
35. Qe1 h6 36. Qe2 f5 37. exf5 Rxf5 38. Rxf5 Qxf5 39. Kh2 e4 40. Bd2 Qxd5 41.
Be1 Qd3 42. Qa2 Nc4 43. Bf2 Qf1 44. Bg1 Qd3 45. a4 Qd6+ 46. Kh1 Rf1 47. axb5 Qd1
48. Qxc4 Rxg1+ 49. Kh2 Qe1 0-1

[Event "FIDE World Rapid Team"]
[Site "London ENG"]
[Date "2025.06.12"]
[Round "5.6"]
[White "Aiten, Islam"]
[Black "Lapushnian, Eran"]
[Result "1/2-1/2"]
[WhiteElo "1950"]
[BlackElo "1993"]
[WhiteTeam "KazChess"]
[BlackTeam "Rishon LeZion Chess Club"]
[WhiteFideId "13749420"]
[BlackFideId "2811952"]
[EventDate "2025.06.11"]
[EventType "team"]

1. d4 Nf6 2. Nc3 d5 3. Bf4 g6 4. e3 Nh5 5. Be5 f6 6. Bg3 c6 7. Bxb8 Rxb8 8. Be2
Ng7 9. f4 Be6 10. Nf3 Bf7 11. Qd3 e6 12. O-O Bd6 13. g3 O-O 14. e4 f5 15. e5 Be7
16. Qe3 h6 17. h4 Kh8 18. a3 a5 19. Rab1 b5 20. Nd1 Qb6 21. b4 axb4 22. axb4 Ra8
23. Nf2 Ra2 24. c3 Rfa8 25. Nd3 R2a3 26. Nc5 Bxc5 27. dxc5 Qc7 28. Nd4 Ra2 29.
Rfc1 Be8 30. Bd1 Kh7 31. Bb3 R2a3 32. Nc2 R3a7 33. Nd4 Ra3 34. Bd1 Ra2 35. Bb3
R2a3 36. Qf3 Qe7 37. Nc2 R3a6 38. Kf2 Bd7 39. Rg1 Nh5 40. Ke3 Ng7 41. Qe2 h5 42.
Ra1 Qd8 43. Rxa6 Rxa6 44. Ra1 Qa8 45. Rxa6 Qxa6 46. Qd1 Ne8 47. Ne1 Nc7 48. Nf3
Qa3 49. Kd4 Na6 50. Qc2 Kg7 51. Nd2 Qa1 52. Nb1 Nxb4 53. Qc1 Na6 54. Qc2 Qa5 55.
Qa2 Qxa2 56. Bxa2 Kf7 57. Nd2 Ke8 58. Bb1 Kd8 59. Bd3 Kc7 60. Nb3 1/2-1/2

[Event "FIDE World Rapid Team"]
[Site "London ENG"]
[Date "2025.06.12"]
[Round "5.1"]
[White "Aronian, Levon"]
[Black "Abdusattorov, Nodirbek"]
[Result "0-1"]
[WhiteTitle "GM"]
[BlackTitle "GM"]
[WhiteElo "2742"]
[BlackElo "2767"]
[WhiteTeam "Hexamind Chess Team"]
[BlackTeam "Uzbekistan"]
[WhiteFideId "13300474"]
[BlackFideId "14204118"]
[EventDate "2025.06.11"]
[EventType "team"]

1. d4 d5 2. Nf3 Nf6 3. e3 Bf5 4. c4 e6 5. Nc3 h6 6. Qb3 b6 7. Ne5 c6 8. Qa4 Qc8
9. Bd2 Bd6 10. Be2 O-O 11. g4 Bh7 12. h4 Ne4 13. Nxe4 Bxe4 14. f3 Bh7 15. g5
Bxe5 16. dxe5 h5 17. Rc1 c5 18. cxd5 exd5 19. Qf4 Nc6 20. b4 Qe6 21. bxc5 bxc5
22. Rxc5 Rab8 23. O-O Rb2 24. Rd1 Bg6 25. Bf1 Rfb8 26. Be1 Ne7 27. a3 Rb1 28.
Rcc1 R1b3 29. Bb4 Nc6 30. Bd6 R8b6 31. e4 dxe4 32. fxe4 Kh7 33. Rc2 Rb2 34. Rcd2
Rxd2 35. Rxd2 Rb1 36. Kf2 Qb3 37. Bg2 Na5 38. Qf3 Qb6+ 39. Kg3 Nc4 40. Rd3 Rb2
41. Kh3 Qg1 42. Rd1 Qxg2+ 43. Qxg2 Rxg2 44. Rc1 Ne3 45. Re1 Nc2 46. Kxg2 Nxe1+
47. Kf2 Nc2 48. Kf3 Nd4+ 49. Ke3 Ne6 50. a4 a5 51. Be7 Kg8 52. Bd6 Bh7 53. Be7
Nf8 54. Bd8 Ne6 55. Bxa5 Nc5 56. Bb6 Nxa4 57. Bd4 Kf8 58. e6 fxe6 59. Kf4 Bg6
60. Ke5 Ke7 61. Kf4 Kd6 62. Bxg7 Nb6 63. Be5+ Kc6 64. Ke3 Nc4+ 65. Kd4 Nd2 66.
Bf4 Nxe4 67. Ke5 Kd7 68. Bc1 Ke7 69. Ba3+ Kf7 70. Kf4 Bf5 71. Ke5 Nc3 72. Bb4
Nd5 73. Be1 Ne7 74. Kd6 Ng6 75. Bg3 Ke8 76. Bf2 e5 77. Bg3 e4 78. Bf2 Kf7 79.
Kd5 Ke7 80. Kd4 Ke6 81. Bg3 Ne7 0-1

[Event "FIDE World Rapid Team"]
[Site "London ENG"]
[Date "2025.06.12"]
[Round "5.2"]
[White "Sindarov, Javokhir"]
[Black "Murzin, Volodar"]
[Result "1-0"]
[WhiteTitle "GM"]
[BlackTitle "GM"]
[WhiteElo "2710"]
[BlackElo "2666"]
[WhiteTeam "Uzbekistan"]
[BlackTeam "Hexamind Chess Team"]
[WhiteFideId "14205483"]
[BlackFideId "44155573"]
[EventDate "2025.06.11"]
[EventType "team"]

1. e4 e5 2. Nf3 Nc6 3. Bc4 Nf6 4. d3 Bc5 5. c3 O-O 6. O-O d6 7. Bg5 h6 8. Bh4 a6
9. a4 g5 10. Bg3 Ba7 11. Nbd2 Kg7 12. Re1 g4 13. Bh4 Ne7 14. Bxf6+ Kxf6 15. Nh4
Kg7 16. Nf1 Ng8 17. g3 Qg5 18. Ne3 Ne7 19. d4 Kh8 20. dxe5 dxe5 21. Qe2 Bxe3 22.
fxe3 Bd7 23. Rf1 Bc6 24. Rxf7 Rxf7 25. Bxf7 Bxe4 26. Be6 h5 27. Rf1 Ng6 28. Bf5
Bf3 29. Nxg6+ Qxg6 30. Qxf3 1-0

[Event "FIDE World Rapid Team"]
[Site "London ENG"]
[Date "2025.06.12"]
[Round "5.3"]
[White "Giri, Anish"]
[Black "Kasimdzhanov, Rustam"]
[Result "1/2-1/2"]
[WhiteTitle "GM"]
[BlackTitle "GM"]
[WhiteElo "2748"]
[BlackElo "2675"]
[WhiteTeam "Hexamind Chess Team"]
[BlackTeam "Uzbekistan"]
[WhiteFideId "24116068"]
[BlackFideId "14200244"]
[EventDate "2025.06.11"]
[EventType "team"]

1. e4 e5 2. Nf3 Nc6 3. Bc4 Bc5 4. d3 Nf6 5. O-O d6 6. c3 a6 7. a4 Ba7 8. Nbd2
O-O 9. h3 Be6 10. Bxe6 fxe6 11. b4 Qd7 12. Ra2 Ne7 13. Nh2 Ng6 14. Ndf3 h6 15.
Re1 Rf7 16. g3 Raf8 17. Kg2 Qe7 18. Be3 Bxe3 19. Rxe3 Kh7 20. Rb2 b5 21. Ra2 Qd7
22. Qb3 d5 23. axb5 axb5 24. Ra6 c6 25. Qc2 Nh5 26. d4 Qc8 27. Ra2 exd4 28. cxd4
Nf6 29. e5 Ne4 30. Rxe4 dxe4 31. Qxe4 Qd7 32. Ra6 Rf5 33. Qxc6 Qf7 34. Qe4 Kh8
35. Rb6 Ne7 36. Rxb5 Nd5 37. Ra5 Qb7 38. Qe2 Qxb4 39. Ra6 Qb3 40. Ra1 Qb7 41.
Ra3 Qf7 42. Ra1 Qg6 43. Kh1 Qf7 44. Kg2 Qg6 45. Kh1 Qf7 46. Kg2 1/2-1/2

[Event "FIDE World Rapid Team"]
[Site "London ENG"]
[Date "2025.06.12"]
[Round "5.4"]
[White "Vokhidov, Shamsiddin"]
[Black "Vidit, Santosh Gujrathi"]
[Result "1/2-1/2"]
[WhiteTitle "GM"]
[BlackTitle "GM"]
[WhiteElo "2644"]
[BlackElo "2720"]
[WhiteTeam "Uzbekistan"]
[BlackTeam "Hexamind Chess Team"]
[WhiteFideId "14204223"]
[BlackFideId "5029465"]
[EventDate "2025.06.11"]
[EventType "team"]

1. e4 e5 2. Nf3 Nc6 3. Bb5 Nf6 4. d3 Bc5 5. c3 O-O 6. O-O d5 7. Nbd2 dxe4 8.
dxe4 a5 9. a4 Qe7 10. Qc2 Na7 11. Be2 h6 12. Nb3 Bb6 13. Nfd2 Be6 14. Nc4 Nc8
15. Nxb6 Nxb6 16. Nd2 Rfd8 17. b3 Nh7 18. Ba3 Qf6 19. Bc5 Nd7 20. Be3 Qg6 21. f3
Ndf6 22. Nc4 Nd5 23. Qc1 Nxe3 24. Qxe3 Qf6 25. Qc5 Bxc4 26. Bxc4 Qd6 27. Qxd6
cxd6 28. Rfd1 Nf6 29. Kf2 Rac8 30. Rd3 Kf8 31. Rad1 Ke7 32. Bb5 h5 33. h4 b6 34.
g3 g6 35. Ke2 Rc5 36. Bc4 Rc7 37. Bb5 Rc5 38. Bc4 Rc7 39. Bb5 1/2-1/2

[Event "FIDE World Rapid Team"]
[Site "London ENG"]
[Date "2025.06.12"]
[Round "5.5"]
[White "Divya, Deshmukh"]
[Black "Khamdamova, Afruza"]
[Result "1-0"]
[WhiteTitle "IM"]
[BlackTitle "WIM"]
[WhiteElo "2463"]
[BlackElo "2326"]
[WhiteTeam "Hexamind Chess Team"]
[BlackTeam "Uzbekistan"]
[WhiteFideId "35006916"]
[BlackFideId "14210444"]
[EventDate "2025.06.11"]
[EventType "team"]

1. e4 e5 2. Nf3 Nc6 3. Nc3 Nf6 4. a4 Bc5 5. Nxe5 Nxe5 6. d4 Bd6 7. dxe5 Bxe5 8.
Bd3 O-O 9. O-O Re8 10. Re1 d6 11. h3 Bd7 12. Ne2 d5 13. exd5 Nxd5 14. Bxh7+ Kxh7
15. Qxd5 Kg8 16. c3 Bc6 17. Qxd8 Raxd8 18. Be3 a5 19. Bd4 Bd6 20. Be3 Be5 21. b3
Bd5 22. Rab1 Be4 23. Rbc1 b6 24. Bf4 Bd3 25. Bxe5 Rxe5 26. Nd4 Rde8 27. Rxe5
Rxe5 28. Rd1 Bg6 29. Nf3 Rc5 30. c4 f6 31. Rd8+ Kh7 32. Rd7 Kh6 33. Nd4 Re5 34.
Rxc7 Re4 35. Nf3 Re2 36. Rc6 Rb2 37. Rxb6 Be4 38. Nd4 Rb1+ 39. Kh2 Rd1 40. Ne6
Rd2 41. Kg3 Bc2 42. f3 Bd3 43. Rd6 Rd1 44. c5 Re1 45. Rxd3 Rxe6 46. Rc3 1-0

[Event "FIDE World Rapid Team"]
[Site "London ENG"]
[Date "2025.06.12"]
[Round "5.1"]
[White "Keymer, Vincent"]
[Black "Pichot, Alan"]
[Result "0-1"]
[WhiteTitle "GM"]
[BlackTitle "GM"]
[WhiteElo "2730"]
[BlackElo "2588"]
[WhiteTeam "Germany and Friends"]
[BlackTeam "Duobeniajan Costa Calida ESJ"]
[WhiteFideId "12940690"]
[BlackFideId "110973"]
[EventDate "2025.06.11"]
[EventType "team"]

1. c4 Nf6 2. Nf3 e6 3. b3 d5 4. Bb2 Bd6 5. g3 O-O 6. Bg2 Nbd7 7. O-O c6 8. d4
Qe7 9. Nc3 Ba3 10. Bxa3 Qxa3 11. Qc2 a5 12. Nd2 b5 13. c5 a4 14. bxa4 e5 15.
dxe5 Nxe5 16. axb5 Qxc5 17. Nb3 Qc4 18. Qd2 Rd8 19. Rfc1 Qb4 20. Qf4 Qe7 21. a4
Bb7 22. b6 c5 23. a5 c4 24. Nd4 Ng6 25. Qe3 Qc5 26. Ndb5 d4 27. Nxd4 Ng4 28. Ne6
Qh5 29. h4 Nxe3 30. Bxb7 fxe6 31. Bxa8 Rxa8 32. b7 Rf8 33. Rab1 Qf5 34. f3 Qh3
35. Kf2 Ng4+ 36. Ke1 Rd8 0-1

[Event "FIDE World Rapid Team"]
[Site "London ENG"]
[Date "2025.06.12"]
[Round "5.2"]
[White "Ibarra Jerez, Jose Carlos"]
[Black "Bluebaum, Matthias"]
[Result "1/2-1/2"]
[WhiteTitle "GM"]
[BlackTitle "GM"]
[WhiteElo "2545"]
[BlackElo "2663"]
[WhiteTeam "Duobeniajan Costa Calida ESJ"]
[BlackTeam "Germany and Friends"]
[WhiteFideId "2226332"]
[BlackFideId "24651516"]
[EventDate "2025.06.11"]
[EventType "team"]

1. g3 d5 2. Bg2 Nf6 3. d3 e5 4. Nf3 Bd6 5. O-O O-O 6. Nc3 c6 7. e4 dxe4 8. Nxe4
Nxe4 9. dxe4 f6 10. Qe2 Be6 11. Nh4 g6 12. f4 exf4 13. gxf4 Nd7 14. Be3 Qe7 15.
Rad1 Bc5 16. Kh1 Rad8 17. b3 Bf7 18. Bc1 Ba3 19. Be3 f5 20. Qe1 fxe4 21. f5 Ne5
22. Rxd8 Rxd8 23. Qg3 Re8 24. fxg6 Bxg6 25. Nf5 Qe6 26. Bh3 Qd5 27. c4 Qd3 28.
Nh6+ Kh8 29. Qf4 Bf8 30. Nf5 Nf3 31. Bc1 Qe2 32. Bg2 Bxf5 33. Qxf5 Qxg2+ 34.
Kxg2 Nh4+ 35. Kg1 Nxf5 36. Rxf5 Kg7 37. Be3 a6 38. Bd4+ Kg6 39. Rf6+ Kg5 40. Rf7
b5 41. Be3+ Kg6 42. Ra7 bxc4 43. bxc4 Rb8 44. Rxa6 Rb1+ 45. Kf2 Rb2+ 46. Kg3
Bd6+ 47. Bf4 Bxf4+ 48. Kxf4 Rxh2 49. Rxc6+ Kf7 50. Kxe4 Rxa2 51. Rc7+ Ke6 52.
Rxh7 Kd6 53. Kd4 Rd2+ 54. Kc3 Rg2 1/2-1/2

[Event "FIDE World Rapid Team"]
[Site "London ENG"]
[Date "2025.06.12"]
[Round "5.3"]
[White "Svane, Frederik"]
[Black "Cuenca Jimenez, Jose Fernando"]
[Result "1-0"]
[WhiteTitle "GM"]
[BlackTitle "GM"]
[WhiteElo "2667"]
[BlackElo "2487"]
[WhiteTeam "Germany and Friends"]
[BlackTeam "Duobeniajan Costa Calida ESJ"]
[WhiteFideId "12923044"]
[BlackFideId "2255570"]
[EventDate "2025.06.11"]
[EventType "team"]

1. e4 c5 2. Nf3 Nc6 3. Bb5 e5 4. O-O Bd6 5. d3 Nf6 6. Nc3 O-O 7. Bc4 Be7 8. Bg5
d6 9. Bxf6 Bxf6 10. Nd5 g6 11. c3 Bg7 12. a3 Kh8 13. b4 f5 14. h3 b6 15. Rb1 g5
16. exf5 Bxf5 17. Nd2 Ne7 18. Ne4 Ng6 19. Qh5 h6 20. g3 Ne7 21. Nxe7 Qxe7 22.
Bd5 Rad8 23. c4 Bd7 24. Kg2 Be8 25. Qe2 Bg6 26. a4 cxb4 27. Rxb4 Qc7 28. a5 Rb8
29. Rfb1 Bf6 30. R1b3 Bd8 31. axb6 Rxb6 32. Rxb6 axb6 33. Ra3 Qd7 34. Qa2 Bf5
35. g4 Bg6 36. Ra7 Bc7 37. Qa6 Rb8 38. Qb5 Qd8 39. Qc6 Rc8 40. Qb7 Qf8 41. Be6
Bb8 42. Bxc8 Bxa7 43. Bf5 Qf7 44. Qa8+ Kg7 45. Nxd6 Qc7 46. Nb5 1-0

[Event "FIDE World Rapid Team"]
[Site "London ENG"]
[Date "2025.06.12"]
[Round "5.4"]
[White "Camacho Collados, Marcos"]
[Black "Kollars, Dmitrij"]
[Result "0-1"]
[WhiteTitle "IM"]
[BlackTitle "GM"]
[WhiteElo "2462"]
[BlackElo "2633"]
[WhiteTeam "Duobeniajan Costa Calida ESJ"]
[BlackTeam "Germany and Friends"]
[WhiteFideId "2266237"]
[BlackFideId "12909572"]
[EventDate "2025.06.11"]
[EventType "team"]

1. Nf3 d5 2. g3 Nd7 3. d4 Nb6 4. a4 a5 5. Nc3 Bf5 6. Nh4 Bg4 7. h3 Bh5 8. Qd3 e6
9. e4 Nf6 10. e5 Nfd7 11. Be2 Bxe2 12. Qxe2 Be7 13. Qg4 g6 14. Bh6 Nc4 15. b3
Bb4 16. Qf3 Ncxe5 17. dxe5 g5 18. O-O-O Bxc3 19. Nf5 Bxe5 20. Rhe1 Rg8 21. Rxd5
exd5 22. Bg7 Rxg7 23. Nxg7+ Ke7 24. Qxd5 Kf8 25. Nf5 c6 26. Qd3 Qc7 27. Rd1 Nc5
28. Qe2 Ne6 29. Qh5 Bg7 30. Re1 Rd8 31. Qxh7 Qd7 32. Nxg7 Qd2+ 33. Kb2 Qd4+ 34.
Ka2 Qxg7 35. Qf5 Rd5 36. Qf3 Qg6 37. Kb1 Qxc2+ 0-1